Ville ayant une réplique de la Tour Eiffel - Mort Subite - Statistiques

Statistiques générales
  • Ce quiz a été pris 86 fois
    85 depuis la dernière actualisation
  • Le résultat moyen est 2 sur 11
Answers on the Grid
Answers color-coded by a green-red scale on the quiz's grid according to % correct below.
Berlin
Doha
Dubaï
Hangzhou
Hong Kong
Lahore
Las Vegas
Londres
Los Angeles
Macao
Montreal
New York
Paris (Canada)
Paris (Texas)
Rome
Shanghai
Shenzhen
Sucre
Sydney
Tianducheng
Tokyo
 
Statistiques - réponses
Réponse % Correct
Las Vegas
81%
Tokyo
51%
Paris (Texas)
28%
Macao
11%
Shenzhen
8%
Hangzhou
6%
Sucre
4%
Sydney
4%
Tianducheng
4%
Berlin
2%
Lahore
0%
Aucun quiz correspondant
Distribution des résultats
% des personnes avec chaque résultat
Percentile par nombre de réponses
Votre historique - résultats
Vous n’avez pas pris ce quiz depuis la dernière actualisation